=LDR 00000nam 2200000 4500 =001 INLIS000000000000025 =005 20150113135222.0 =006 =007 =008 Ind =035 ##$$0010-061300000000025 =041 ##$$a Ind =082 ##$$a 900.16 =090 ##$$a 900.16, Rum b =100 ##$$a Rum,Muhamad =245 ##$$a Bunga rampai dari sejarah / Muhamad Roem =260 ##$$aJakarta$bBulan Bintang$c1972 =300 ##$$a 226 hlm. : Ilus. ; 25 cm =650 ##$$a Sejarah =850 ##$$a NBPDMAT